<?xml version="1.0" encoding="UTF-8"?>
<record
    xmlns:xsi="http://www.w3.org/2001/XMLSchema-instance"
    xsi:schemaLocation="http://www.loc.gov/MARC21/slim http://www.loc.gov/standards/marcxml/schema/MARC21slim.xsd"
    xmlns="http://www.loc.gov/MARC21/slim">

  <leader>03620cam a2200409Ia 4500</leader>
  <controlfield tag="001">DIGAGUA0528</controlfield>
  <controlfield tag="003">NyNyDIG</controlfield>
  <controlfield tag="006">m     o  d        </controlfield>
  <controlfield tag="007">cr |||||||||||</controlfield>
  <controlfield tag="008">161101t20022002sp      ob   s000 0 spa d</controlfield>
  <datafield tag="020" ind1=" " ind2=" ">
    <subfield code="z">9788480182133</subfield>
  </datafield>
  <datafield tag="020" ind1=" " ind2=" ">
    <subfield code="z">848018213x</subfield>
  </datafield>
  <datafield tag="035" ind1=" " ind2=" ">
    <subfield code="a">(OCoLC)605554589</subfield>
  </datafield>
  <datafield tag="040" ind1=" " ind2=" ">
    <subfield code="a">DGITA</subfield>
    <subfield code="b">eng</subfield>
    <subfield code="e">rda</subfield>
    <subfield code="e">pn</subfield>
    <subfield code="c">DGITA</subfield>
  </datafield>
  <datafield tag="050" ind1="1" ind2="4">
    <subfield code="a">PQ6601.L2 eBook</subfield>
  </datafield>
  <datafield tag="245" ind1="0" ind2="0">
    <subfield code="a">Rafael Alberti /</subfield>
    <subfield code="c">edici&#xF3;n de Pedro Guerrero Ruiz.</subfield>
  </datafield>
  <datafield tag="264" ind1=" " ind2="1">
    <subfield code="a">Alicante :</subfield>
    <subfield code="b">Editorial Agua Clara S.L. ;</subfield>
    <subfield code="a">[Murcia, Spain] :</subfield>
    <subfield code="b">Editora Regional de Murcia,</subfield>
    <subfield code="c">abril, 2002. </subfield>
  </datafield>
  <datafield tag="264" ind1=" " ind2="4">
    <subfield code="c">&#xA9;2002</subfield>
  </datafield>
  <datafield tag="300" ind1=" " ind2=" ">
    <subfield code="a">1 online resource (327 pages)</subfield>
  </datafield>
  <datafield tag="336" ind1=" " ind2=" ">
    <subfield code="a">text</subfield>
    <subfield code="b">txt</subfield>
    <subfield code="2">rdacontent</subfield>
  </datafield>
  <datafield tag="337" ind1=" " ind2=" ">
    <subfield code="a">computer</subfield>
    <subfield code="b">c</subfield>
    <subfield code="2">rdamedia</subfield>
  </datafield>
  <datafield tag="338" ind1=" " ind2=" ">
    <subfield code="a">online resource</subfield>
    <subfield code="b">cr</subfield>
    <subfield code="2">rdacarrier</subfield>
  </datafield>
  <datafield tag="490" ind1="1" ind2=" ">
    <subfield code="a">Colecci&#xF3;n Amalgama ;</subfield>
    <subfield code="v">28</subfield>
  </datafield>
  <datafield tag="504" ind1=" " ind2=" ">
    <subfield code="a">Includes bibliographical references.</subfield>
  </datafield>
  <datafield tag="505" ind1="1" ind2=" ">
    <subfield code="a">Introducci&#xF3;n. Rafael Alberti: un siglo de lo vivo lejano / Pedro Guerrero Ruiz -- Rafael Alberti, &#xBF;poes&#xED;a infantil? / Manuel Abril Villalba -- Rafael Alberti: lo universal cotidiano (entrevista a Pedro Guerrero Ruiz) / Jos&#xE9; Belmonte Serrano y Gabriela Benavent D&#xF6;ring -- Numancia: versi&#xF3;n y subversi&#xF3;n del texto cervantino / Mar&#xED;a Dolores Bollo-Panadero -- El adefesio y la creaci&#xF3;n de un teatro moderno en Espa&#xF1;a / Peter G. Broad -- La poes&#xED;a de Rafael Alberti: el poder de la imagen / Ver&#xF3;nica Dean-Thacker -- La arboleda perdida, 1942-1996 / BrianJ. Dendle -- Rafael Alberti Y Juan Guerrero Ruiz (correspondencia in&#xE9;dita) / Nigel Dennis -- La poes&#xED;a &#xFA;ltima de Rafael Alberti: vitalismo y pasi&#xF3;n / Francisco Javier Diez de Revenga -- Sexo, erotismo, deseo y poes&#xED;a en golfo de sombras, de Rafael Alberti / Mar&#xED;a Garc&#xED;a Hern&#xE1;ndez -- Tontolog&#xED;a albertiana "avant la lettre" / Pedro Guerrero Ruiz y Br&#xED;gida Pastor Pastor -- Rafael Alberti y su primera poes&#xED;a comprometida (1930-1936) en el contexto del cambio est&#xE9;tico del 27 y la politizaci&#xF3;n de la cultura Jos&#xE9; Manuel L&#xF3;pez de Abiada -- Po&#xE9;tica de una pintura. Notas sobre la funci&#xF3;n del "pr&#xF3;logo" de noche de guerra en el museo del prado / A.Mendoza -- De el di&#xE1;logo entre Pr&#xED;apo y Venus / Pilar Montero -- Rafael Aberti: su auto-imagen en la arboleda perdida / Anthony Percival -- El color de la nostalgia: roma, peligro para caminantes, de Rafael Alberti / Tina Pereda Barona -- Entre la mirada y la visi&#xF3;n: otras consideraciones sobre el "poema del mar caribe" / Luciano C. Picango -- Entre el pincel y la pluma: el principio ekfr&#xE1;stico en la poes&#xED;a de Rafael Alberti / Gerardo Pi&#xF1;a-Rosales -- El teatro de Rafael Alberti: literatura comparada y an&#xE1;lisis did&#xE1;ctico / Alfredo Rodr&#xED;guez L&#xF3;pez- V&#xE1;zquez -- La canci&#xF3;n del retorno (memoria y creaci&#xF3;n en la arboleda perdida de Rafael Alberti) / Ricardo Sumalavia -- Rafael Alberti y la literatura infantil / Isabel Tejerina Lobo -- Entre el clavel y la Espada: exilio y presencia de Espa&#xF1;a en Rafael Alberti -- Mary S. V&#xE1;squez.</subfield>
  </datafield>
  <datafield tag="588" ind1="0" ind2=" ">
    <subfield code="a">Online resource; title from PDF title page (Digitalia, viewed October 30, 2016)</subfield>
  </datafield>
  <datafield tag="600" ind1="1" ind2="0">
    <subfield code="a">Alberti, Rafael,</subfield>
    <subfield code="d">1902-1999</subfield>
    <subfield code="x">Criticism and interpretation.</subfield>
  </datafield>
  <datafield tag="655" ind1=" " ind2="0">
    <subfield code="a">Electronic books.</subfield>
  </datafield>
  <datafield tag="700" ind1="1" ind2=" ">
    <subfield code="a">Guerrero Ruiz, Pedro,</subfield>
    <subfield code="e">editor.</subfield>
  </datafield>
  <datafield tag="776" ind1="0" ind2="8">
    <subfield code="i">Print version:</subfield>
    <subfield code="t">Rafael Alberti.</subfield>
    <subfield code="d">Alicante : Editorial Agua Clara S.L, 2002.</subfield>
    <subfield code="z">9788480182133</subfield>
    <subfield code="w">(OCoLC)50695444</subfield>
  </datafield>
  <datafield tag="791" ind1="2" ind2=" ">
    <subfield code="a">Digitalia (Firm),</subfield>
    <subfield code="e">distributor.</subfield>
  </datafield>
  <datafield tag="830" ind1=" " ind2="0">
    <subfield code="a">Colecci&#xF3;n Amalgama ;</subfield>
    <subfield code="v">28.</subfield>
  </datafield>
  <datafield tag="793" ind1="0" ind2=" ">
    <subfield code="g">Digitalia eBook Collection:</subfield>
    <subfield code="a">Editorial Aguaclara.</subfield>
  </datafield>
  <datafield tag="856" ind1="4" ind2="0">
    <subfield code="3">Digitalia Hisp&#xE1;nica</subfield>
    <subfield code="u">https://www.digitaliapublishing.com/a/118/</subfield>
  </datafield>
  <datafield tag="910" ind1=" " ind2=" ">
    <subfield code="a">Premium Collection: 2007-2012</subfield>
  </datafield>
  <datafield tag="942" ind1=" " ind2=" ">
    <subfield code="c">RAA</subfield>
  </datafield>
  <datafield tag="952" ind1=" " ind2=" ">
    <subfield code="0">0</subfield>
    <subfield code="1">0</subfield>
    <subfield code="4">0</subfield>
    <subfield code="7">0</subfield>
    <subfield code="8">DEH</subfield>
    <subfield code="a">BD-UIN</subfield>
    <subfield code="b">BD-UIN</subfield>
    <subfield code="d">2025-04-25</subfield>
    <subfield code="l">0</subfield>
    <subfield code="r">2025-04-25</subfield>
    <subfield code="w">2025-04-25</subfield>
    <subfield code="y">RAA</subfield>
  </datafield>
  <datafield tag="999" ind1=" " ind2=" ">
    <subfield code="c">229214</subfield>
    <subfield code="d">229214</subfield>
  </datafield>
</record>
